Statistieken voor Figure out the song - Taylor Swift #8

Klik hier om de quiz te nemen!

Algemene statistieken

  • Deze quiz is 406 keer genomen
  • De gemiddelde score is 214 van 343

Antwoordstatistieken

Antwoord% Correct
I
99%
a
98%
You
97%
you
97%
the
96%
We
93%
we
93%
And
88%
and
88%
me
88%
be
87%
in
87%
To
87%
to
87%
it
86%
It
86%
on
86%
your
85%
Your
85%
My
82%
my
82%
no
82%
go
80%
is
80%
of
80%
so
80%
So
80%
were
80%
we're
80%
That
79%
that
79%
was
77%
for
74%
all
71%
All
71%
her
71%
it's
71%
like
71%
not
71%
one
71%
never
69%
If
67%
But
66%
back
65%
can
65%
have
65%
did
64%
some
63%
would
63%
been
62%
night
62%
Say
62%
with
62%
said
61%
up
61%
at
59%
I'd
59%
hand
58%
as
57%
lost
57%
'Cause
55%
down
55%
off
55%
will
55%
always
53%
Always
53%
got
53%
Great
53%
war
53%
War
53%
come
51%
from
51%
over
51%
yours
51%
reached
49%
good
48%
survived
48%
things
48%
cry
47%
dream
47%
remember
47%
something
47%
Uh-huh
46%
hair
45%
more
45%
that's
45%
throughout
45%
took
45%
crimson
44%
Somewhere
44%
bloodshed
43%
bruised
43%
clover
43%
Looked
43%
violets
43%
anymore
42%
into
42%
Maybe
42%
maybe
42%
wasn't
42%
battle
41%
blue
41%
knuckles
41%
nearly
41%
place
41%
tears
41%
betrayed
40%
close
40%
fire
40%
haze
40%
vowed
40%
alone
39%
blur
39%
memory
39%
playin'
39%
sense
39%
There's
39%
bigger
38%
called
38%
cursed
38%
ego
38%
fight
38%
letter
38%
sweet
38%
walls
38%
better
37%
desire
37%
drew
37%
Flashes
37%
garden
37%
ground
37%
pin
37%
trust
37%
truth
37%
turned
37%
curtains
36%
fair
36%
finger
36%
honor
36%
poppy
36%
punching
36%
punish
36%
sleep-talked
36%
Sucker
36%
swinging
36%
talkin'
36%
closed
35%
drank
35%
faith
35%
freely
35%
morning
35%
past
35%
plant
35%
poison
35%
prayer
35%
Screamin'
35%
silence
35%
banners
34%
Broken
34%
diesel
34%
glory
34%
icy
34%
justified
34%
Tellin'
34%
tomb
34%
underground
34%
Tore
33%
treaties
32%
crypt
31%
Spineless
31%
solemn
30%
triggers
30%
worst
30%
burning
29%
Soldier
29%
troops
29%
bombs
28%
embers
28%
burned
24%

Scoreverdeling

Percentiel versus Aantal Correcte Antwoorden

Procent van Mensen met Elke Score

Uw Scoregeschiedenis

U heeft deze quiz nog niet genomen